| 000 -LEADER |
| fixed length control field |
00454cam a22001457a 4500 |
| 008 - FIXED-LENGTH DATA ELEMENTS--GENERAL INFORMATION |
| fixed length control field |
180718b2002 xxu||||| |||| 00| 0 eng d |
| 082 ## - DEWEY DECIMAL CLASSIFICATION NUMBER |
| Classification number |
A81x54 91/1/PT2A/3 |
| 100 ## - MAIN ENTRY--PERSONAL NAME |
| Personal name |
Census of India 1991 |
| 245 ## - TITLE STATEMENT |
| Title |
India: standard urban areas |
| 260 ## - PUBLICATION, DISTRIBUTION, ETC. |
| Place of publication, distribution, etc. |
Delhi |
| Name of publisher, distributor, etc. |
Controller of Publications |
| Date of publication, distribution, etc. |
2002 |
| 300 ## - PHYSICAL DESCRIPTION |
| Extent |
344+p. |
| 440 ## - SERIES STATEMENT/ADDED ENTRY--TITLE |
| Title |
Census of India 1991. Series-1, India. Part II-A(iii) |
| 500 ## - GENERAL NOTE |
| General note |
Contents: A-5 |
| 650 ## - SUBJECT ADDED ENTRY--TOPICAL TERM |
| Topical term or geographic name entry element |
Cities and towns - India - Census |